Movies Quiz

Random Movies or Clickable Quiz

Words in Best Picture Titles Quiz Stats

Quiz Updated Mar 10, 2018

Challenge
Share
Tweet
Embed
Score 0/40 Timer 05:00
2 Plays Today
% Correct
Million
91.4%
American
91%
Silence
87.6%
Baby
86.1%
Bridge
85.5%
King
85.4%
Deer
82.2%
River
81.9%
Quiet
81.6%
Night
81.1%
Story
80.7%
Sound
79.9%
Green
79.7%
Wind
79.7%
Great
79%
Love
77.5%
Man
77.1%
French
76.7%
Cowboy
76.3%
Hurt
75.9%
% Correct
People
75.5%
Last
75.3%
Valley
74.7%
Life
73.3%
Old
72.9%
Grand
72.9%
World
72.2%
Days
72.1%
Show
71.3%
Heat
71.1%
Front
70.4%
One
70.3%
How
70%
Lady
69.5%
Earth
66.9%
Here
66.3%
Lost
64%
Broadway
60.8%
Going
60.4%
Fire
58.9%

You're not logged in!

Compare scores with friends on all Sporcle quizzes.
Join for Free
OR
Log In

You Might Also Like...

Show Comments

Extras

Top Quizzes Today


Score Distribution

Your Account Isn't Verified!

In order to create a playlist on Sporcle, you need to verify the email address you used during registration. Go to your Sporcle Settings to finish the process.

Report this User

Report this user for behavior that violates our Community Guidelines.

Details: